[Event "2024 WA Championship Closed"]
[Site "Woodvale, Perth WA AUS"]
[Date "2024.06.03"]
[Round "7.4"]
[White "Fu,Yihe (Rebo)"]
[Black "Shen,Daniel"]
[Result "1/2-1/2"]
[WhiteElo "2292"]
[BlackElo "2059"]
[EventDate "2024.05.31"]
[WhiteFideId "8619638"]
[BlackFideId "4302079"]
[PlyCount "0"]

1.e4 e5 2.Nf3 Nc6 3.Bb5 a6 4.Ba4 Nf6 5.O-O Be7 6.Re1 b5 7.Bb3 d6 8.c3 O-O 9.h3
Re8 10.a4 Bb7 11.d4 Bf8 12.d5 Nb8 13.axb5 axb5 14.Rxa8 Bxa8 15.Bc2 c6 16.dxc6
Bxc6 17.Na3 Nbd7 18.Bd3 Qb6 19.Qe2 Rb8 20.Bg5 h6 21.Bxf6 Nxf6 22.Nc2 Nh5 23.Nb4
Nf4 24.Qf1 Bd7 25.Ra1 Qb7 26.Bc2 Re8 27.Qd1 Be6 28.Qd2 g5 29.Qe3 Ra8 30.Rd1 Be7
31.Nh2 Kg7 32.Qf3 Bc4 33.Re1 Rd8 34.Ng4 h5 35.Ne3 Be6 36.Nbd5 Rh8 37.Nxf4 exf4
38.Nd5 Bd8 39.Qd3 Bxd5 40.exd5 b4 41.h4 bxc3 42.bxc3 g4 43.c4 Bxh4 44.Qd4+ Bf6
45.Qxf4 Qb4 46.Rb1 Qc3 47.Qe4 g3 48.fxg3 Qd4+ 1/2-1/2